[Event "HCL-A2603"]
[Site "www.playchess.de"]
[Date "2006.02.28"]
[Round "2"]
[White "cabe"]
[Black "dynamike"]
[WhiteElo "1441"]
[BlackElo "1475"]
[PlyCount "32"]
[Result "0-1"]

1.e4 {En nog eentje...}  c5 2.a3 e6 3.b4 a6 4.Bb2 
Nf6 5.e5 Ne4 6.Bd3 d5 7.exd6 Nxd6 8.bxc5 Nb5 
9.Bxb5+ axb5 10.d4 Be7 11.Nf3 O-O 12.O-O Nc6 
13.Nc3 Qa5 14.Qe2 Rd8 15.Nxb5 b6 16.Bc3 
Qa6 0-1

[Event "HCL-A2608"]
[Site "www.playchess.de"]
[Date "2006.02.28"]
[Round "21"]
[White "cabe"]
[Black "Snillie"]
[WhiteElo "1435"]
[BlackElo "1466"]
[PlyCount "30"]
[Result "0-1"]

1.e4 {Hallo, daar zij we weer. Succes!}  d6 {jij 
ook}  2.Bc4 Nf6 3.Qe2 e5 4.Nf3 Nc6 5.O-O Bg4 6.h3 
Bh5 7.d3 Nd4 8.Qe3 Nxc2 9.Qe2 {Oeps!}  Nxa1 10.Nc3 
Be7 11.g4 Bg6 12.Bg5 O-O 13.Rxa1 h6 14.Be3 Nh7 
15.Kh1 Ng5 0-1

[Event "HCL-A2608"]
[Site "www.playchess.de"]
[Date "2006.02.28"]
[Round "12"]
[White "cabe"]
[Black "BohdanL"]
[WhiteElo "1435"]
[BlackElo "1488"]
[PlyCount "26"]
[Result "0-1"]

1.e4 {Hallo Bohdan. Daar gaan we weer. Veel 
succes!}  g6 {hi Carel, bedankt en veel success 
voor u ook, bijna na een jaar alweer :-)}  2.c4 
Bg7 3.d4 d6 4.Nc3 Nd7 5.Bg5 h6 6.Be3 e5 7.Nf3 Ne7 
8.Bd3 c6 9.O-O a5 10.Qd2 g5 11.dxe5 Nxe5 12.Nxe5 
Bxe5 13.Na4 Qc7 0-1

[Event "HCL-A2598"]
[Site "www.playchess.de"]
[Date "2006.02.28"]
[Round "22"]
[White "dynamike"]
[Black "cabe"]
[WhiteElo "1442"]
[BlackElo "1441"]
[PlyCount "35"]
[Result "1-0"]

1.e4 e5 {Een prettige wedstrijd gewenst...}  2.Nf3 
Nf6 3.Nc3 Bc5 4.Bc4 O-O 5.O-O d6 6.h3 Nc6 7.Re1 h6 
8.Na4 Na5 9.Nxc5 Nxc4 10.Qe2 Nb6 11.Nb3 Be6 12.d4 
Bc4 13.Qe3 Re8 14.Nbd2 exd4 15.Nxd4 Nxe4 16.Nxc4 
Nxc4 17.Qf3 d5 18.Qg4 1-0

[Event "HCL-A2608"]
[Site "www.playchess.de"]
[Date "2006.02.28"]
[Round "15"]
[White "bossjos"]
[Black "cabe"]
[WhiteElo "1264"]
[BlackElo "1435"]
[PlyCount "25"]
[Result "1-0"]

1.e4 e5 {Prettige partij!}  2.Nf3 {van 't zelfde 
!!}  Nf6 3.Bc4 Nxe4 4.d3 Nf6 5.O-O Nc6 6.Nc3 Bc5 
7.Ng5 O-O 8.Be3 d6 9.Nxf7 Rxf7 10.Bxf7+ Kxf7 
11.Qf3 Nd4 12.Bxd4 Bxd4 13.h3 1-0

[Event "HCL-A2608"]
[Site "www.playchess.de"]
[Date "2006.02.28"]
[Round "11"]
[White "mrchess"]
[Black "cabe"]
[WhiteElo "1438"]
[BlackElo "1435"]
[PlyCount "35"]
[Result "1-0"]

1.e4 {prettige partij}  e5 {Insgelijks!}  2.Nf3 
Nf6 3.Nc3 Nc6 4.Bb5 a6 5.Bxc6 bxc6 6.Nxe5 Bb4 
7.Ne2 O-O 8.c3 Bd6 9.d4 h6 10.Ng3 c5 11.Bf4 Bb7 
12.Nd3 Nxe4 13.Nxe4 Bxe4 14.Bxd6 cxd6 15.O-O cxd4 
16.cxd4 Qb6 17.Re1 Bxd3 18.Qxd3 1-0

[Event "HCL-A2598"]
[Site "www.playchess.de"]
[Date "2006.02.28"]
[Round "28"]
[White "mrchess"]
[Black "cabe"]
[WhiteElo "1470"]
[BlackElo "1441"]
[PlyCount "37"]
[Result "1-0"]

1.d4 {pretiige partij}  d5 {Hetzelfde!}  2.e3 c5 
3.Nf3 Nf6 4.c3 Qc7 5.Bd3 Bg4 6.Nbd2 e6 7.Qc2 Bd6 
8.h3 Bh5 9.g4 Bg6 10.e4 c4 11.Be2 O-O 12.Nh4 Bxe4 
13.Nxe4 Nxe4 14.Nf3 Nd7 15.Ng5 Nxg5 16.Bxg5 f6 
17.Be3 Bf4 18.Bxf4 Qxf4 19.Qa4 1-0

[Event "HCL-A2516"]
[Site "www.playchess.de"]
[Date "2006.02.28"]
[Round "25"]
[White "schachsky"]
[Black "cabe"]
[WhiteElo "1141"]
[BlackElo "1402"]
[PlyCount "63"]
[Result "1-0"]

1.e4 {Veel plezier!}  e5 {Jij ook een prettige 
partij gewenst!}  2.Nf3 {We moeten het zelf maken 
-:)}  Nf6 3.Nc3 Bb4 4.d3 d6 5.Bd2 O-O 6.Qe2 Bg4 
7.h3 Bh5 8.g4 Bg6 9.Nh2 Nc6 10.a3 Ba5 {Het beste 
voor 2006 gewenst!}  11.b4 {Dank je en voor jou 
wens ik natuurlijk hetzelfde !}  Bb6 12.Bg2 a5 
13.Nd5 Nd4 14.Qd1 Nxd5 {De ban gebroken!}  15.exd5 
{-:)}  axb4 16.Bxb4 c5 17.Bc3 Nb5 18.Bb2 Ba5+ 
19.Ke2 Nc3+ 20.Bxc3 Bxc3 21.Rb1 Rxa3 22.Rxb7 Ra1 
23.Rb1 Rxb1 24.Qxb1 Qb8 25.Qa2 Qa8 26.Qb3 Qa5 
27.Nf3 e4 28.dxe4 Bxe4 29.Nh4 Qa6+ 30.Ke3 Bxg2 
31.Nxg2 Bd4+ 32.Kf3 1-0

[Event "HCL-A2505"]
[Site "www.playchess.de"]
[Date "2006.02.28"]
[Round "22"]
[White "cabe"]
[Black "Marius_sah"]
[WhiteElo "1415"]
[BlackElo "1406"]
[PlyCount "62"]
[Result "0-1"]

1.e4 {Hello from Amsterdam. Have a good game!}  e5 
{Hi. Good luck!}  2.Nf3 Nc6 3.Bb5 a6 4.Ba4 Nf6 
5.d3 b5 6.Bb3 Be7 7.O-O O-O 8.Be3 d6 9.Nc3 Bg4 
10.h3 Bh5 11.Nd5 Na5 12.c4 bxc4 13.Nxf6+ Bxf6 
14.Bxc4 Nxc4 15.dxc4 {Happy Newyear!}  Qd7 16.Nxe5 
Bxe5 17.Qxh5 Bxb2 18.Rab1 g6 19.Qe2 Bg7 20.c5 Qe6 
21.cxd6 cxd6 22.Bf4 Rfe8 23.f3 d5 24.Rfe1 dxe4 
25.Qxe4 Qxe4 26.Rxe4 Rxe4 27.fxe4 Re8 28.Rb4 Rd8 
29.Ra4 h6 30.Rxa6 Rd4 31.Ra8+ Kh7 0-1

[Event "HCL-A2578"]
[Site "www.playchess.de"]
[Date "2006.02.28"]
[Round "5"]
[White "cabe"]
[Black "archship"]
[WhiteElo "1428"]
[BlackElo "1231"]
[PlyCount "64"]
[Result "0-1"]

1.e4 {Hello from Amsterdam. Have a good game!}  c5 
{Hello from Kansas, USA. Good luck.}  2.a3 d6 
3.Bc4 a6 4.b4 b6 5.Bb2 Nf6 6.d3 g6 7.Bd5 Ra7 8.Nf3 
e6 9.Ba2 Bg7 10.bxc5 bxc5 11.Nc3 O-O 12.O-O Nc6 
13.Rb1 Nd4 14.Nxd4 cxd4 15.Ne2 e5 16.c3 dxc3 
17.Nxc3 Bb7 18.Qf3 Qe7 19.Qe3 Ba8 20.Rfc1 Ng4 
21.Qe2 Bh6 22.Qxg4 Bxc1 23.Bxc1 Rb7 24.Nd5 Qd8 
25.Rxb7 Bxb7 26.Bg5 Qa5 27.Qd1 Qxa3 28.Qb3 Qxb3 
29.Ne7+ Kg7 30.Bxb3 Ra8 31.Bd5 Bxd5 32.Nxd5 
Rb8 0-1

[Event "HCL-A2603"]
[Site "www.playchess.de"]
[Date "2006.02.28"]
[Round "6"]
[White "cabe"]
[Black "oyetola"]
[WhiteElo "1441"]
[BlackElo "1468"]
[PlyCount "32"]
[Result "0-1"]

1.e4 {Hello from Amsterdam. Have a good game!}  e5 
2.Nf3 Nc6 3.Bb5 a6 4.Ba4 Nd4 5.O-O b5 6.Bb3 d6 
7.Bd5 c6 8.Nxd4 cxd5 9.Nc6 Qb6 10.exd5 Bb7 11.Qf3 
Ne7 12.Nxe7 Bxe7 13.d3 Qc5 14.Nc3 b4 15.Na4 Qb5 
16.b3 Bxd5 0-1

[Event "HCL-A2598"]
[Site "www.playchess.de"]
[Date "2006.02.28"]
[Round "25"]
[White "cabe"]
[Black "scotty4u"]
[WhiteElo "1441"]
[BlackElo "1289"]
[PlyCount "30"]
[Result "0-1"]

1.e4 {deuxième essai}  e5 2.Nf3 Nc6 {2e poging?}  
3.Bb5 Nge7 4.O-O a6 5.Ba4 b5 6.Bb3 h6 7.d4 exd4 
8.Nxd4 Bb7 9.Nc3 g6 10.Qf3 Ne5 11.Qf6 Rh7 12.Qxe5 
Bg7 13.Bxf7+ Kxf7 14.Qf4+ Kg8 15.Be3 
d5 0-1

[Event "HCL-A2598"]
[Site "www.playchess.de"]
[Date "2006.02.28"]
[Round "23"]
[White "cabe"]
[Black "baggur"]
[WhiteElo "1441"]
[BlackElo "1600"]
[PlyCount "38"]
[Result "0-1"]

1.e4 {Hello again. Have a good game!}  c5 {hello 
again}  2.a3 Nc6 3.b4 cxb4 4.axb4 Nxb4 5.d4 g6 
6.c3 Nc6 7.Nf3 Bg7 8.d5 Ne5 9.Be3 Nxf3+ 10.Qxf3 d6 
11.Bc4 Qc7 12.Bb5+ Bd7 13.Bxd7+ Qxd7 14.Rxa7 Rxa7 
15.Bxa7 Qb5 16.Qd1 Nf6 17.Bd4 O-O 18.Na3 Qa6 
19.Nc2 Nxe4 0-1

[Event "HCL-A2608"]
[Site "www.playchess.de"]
[Date "2006.02.28"]
[Round "14"]
[White "cabe"]
[Black "maus"]
[WhiteElo "1435"]
[BlackElo "1390"]
[PlyCount "36"]
[Result "0-1"]

1.e4 {Hello from Amsterdam. Have a nice game!}  e5 
{hello from Tel-Aviv!Think's}  2.Nf3 d6 3.d4 exd4 
4.Bc4 Bg4 5.c3 dxc3 6.Nxc3 Be7 7.h3 Bh5 8.O-O Nc6 
9.Qb3 Nf6 10.g4 Bg6 11.Re1 Ne5 12.Nxe5 dxe5 
13.Qxb7 O-O 14.Nd5 Nxd5 15.Bxd5 Rb8 16.Qxa7 Bh4 
17.Rd1 Qf6 18.Be3 c6 0-1

[Event "HCL-A2608"]
[Site "www.playchess.de"]
[Date "2006.02.28"]
[Round "27"]
[White "stevetilbury"]
[Black "cabe"]
[WhiteElo "1640"]
[BlackElo "1435"]
[PlyCount "27"]
[Result "1-0"]

1.d4 {Hello again}  d5 {Hello Steve. Be prepared! 
I have a feeling that I might lose our other game, 
so this time it's for real!}  2.c4 dxc4 3.Nf3 { 
Look forward to an interesting tussle}  b5 4.a4 c6 
5.e3 Nf6 6.b3 cxb3 7.axb5 Be6 8.Nbd2 Qb6 9.bxc6 
Nxc6 10.Ra6 Qb7 11.Ra3 b2 12.Ba6 Qb4 13.Ra4 Qxa4 
14.Qxa4 1-0

[Event "HCL-A2598"]
[Site "www.playchess.de"]
[Date "2006.02.28"]
[Round "24"]
[White "froilo"]
[Black "cabe"]
[WhiteElo "1463"]
[BlackElo "1441"]
[PlyCount "35"]
[Result "1-0"]

1.Nf3 c5 {Have a pleasant game!}  2.b3 {thanks, 
same wish}  d5 3.Bb2 f6 4.e3 e5 5.Bb5+ Nc6 6.O-O 
Bd6 7.Bxc6+ bxc6 8.d3 Be6 9.Nbd2 Ne7 10.Re1 O-O 
11.c4 Qa5 12.Nh4 dxc4 13.dxc4 Rad8 14.Qc2 Rd7 
15.Ne4 Rfd8 16.a3 Bc7 17.Bc3 Qb6 
18.Red1 1-0

[Event "HCL-A2564"]
[Site "www.playchess.de"]
[Date "2006.02.28"]
[Round "29"]
[White "GCP"]
[Black "cabe"]
[WhiteElo "1413"]
[BlackElo "1438"]
[PlyCount "51"]
[Result "1-0"]

1.e4 {hello, have a good game}  e5 {A pleasant 
game to you too!}  2.Nf3 Nf6 3.d4 Nxe4 4.Bd3 d5 
5.Nxe5 Nd7 6.Qe2 Nxe5 7.Bxe4 dxe4 8.Qxe4 Bb4+ 9.c3 
O-O 10.dxe5 Bc5 11.O-O Qe7 12.Nd2 Rd8 13.Nf3 f5 
14.Qe2 h6 15.Be3 Be6 16.Nd4 Bxd4 17.cxd4 Qf7 18.b3 
f4 19.Bc1 Rxd4 20.Bb2 Rd5 21.Rad1 Rad8 22.Rxd5 
Rxd5 23.Rd1 Rxd1+ 24.Qxd1 Qd7 25.Qe2 Qd5 
26.f3 1-0

[Event "HCL-A2598"]
[Site "www.playchess.de"]
[Date "2006.02.28"]
[Round "27"]
[White "cabe"]
[Black "victorabiodun03"]
[WhiteElo "1441"]
[BlackElo "1378"]
[PlyCount "40"]
[Result "0-1"]

1.e4 {Hello again. Have a pleasant game!}  e6 2.d4 
d5 {you too}  3.Nc3 Nf6 4.Bg5 Be7 5.e5 Nfd7 6.h4 
h6 7.Bxe7 Qxe7 8.f4 a6 9.Qg4 O-O 10.Nf3 c5 
11.O-O-O Nc6 12.Be2 b5 13.Rh3 f5 14.exf6 Nxf6 
15.Qg6 b4 16.Na4 cxd4 17.Nxd4 Nxd4 18.Rxd4 e5 
19.Re3 e4 20.Rg3 Bd7 0-1

[Event "HCL-A2568"]
[Site "www.playchess.de"]
[Date "2006.02.28"]
[Round "8"]
[White "Nulnulnix"]
[Black "cabe"]
[WhiteElo "1337"]
[BlackElo "1438"]
[PlyCount "59"]
[Result "1-0"]

1.d4 {Hi, enjoy this game}  Nf6 {Hello from 
Amsterdam. A good game to you too!}  2.c4 g6 3.Nc3 
Bg7 4.e3 d6 5.Nf3 O-O 6.Be2 Nc6 7.O-O e5 8.d5 Nb4 
9.a3 Na6 10.e4 Nc5 11.Bg5 h6 12.Bxf6 Bxf6 13.b4 
Na6 14.Ra2 Bg7 15.Qc1 Qe7 16.Rb2 f5 17.a4 fxe4 
18.Nxe4 Bf5 19.Ng3 e4 20.Nxf5 Rxf5 21.Rb3 exf3 
22.Bxf3 Re5 23.h3 Re8 24.Qc2 Kh7 25.Kh2 Qd7 26.b5 
Nc5 27.Ra3 Qf5 28.Qxf5 Rxf5 29.g3 Be5 
30.Bg4 1-0

[Event "HCL-A2564"]
[Site "www.playchess.de"]
[Date "2006.02.28"]
[Round "2"]
[White "scotty4u"]
[Black "cabe"]
[WhiteElo "1332"]
[BlackElo "1438"]
[PlyCount "49"]
[Result "1-0"]

1.e4 e5 {Een prettige partij gewenst}  2.Bc4 Nf6 
3.Nc3 b5 4.Bxb5 c6 5.Ba4 Bc5 6.h3 O-O 7.Nf3 Ba6 
8.d3 Qb6 9.O-O d6 10.a3 Nbd7 11.b4 Bd4 12.Bd2 d5 
13.exd5 cxd5 14.Bxd7 Nxd7 15.Nxd5 Qd6 16.Nxd4 exd4 
17.Nf4 Rae8 18.Nh5 Ne5 19.f4 Nc6 20.Qg4 g6 21.f5 
Ne5 22.Qg3 Kh8 23.Bh6 Rfg8 24.fxg6 Qxg6 
25.Qxg6 1-0

[Event "HCL-A2516"]
[Site "www.playchess.de"]
[Date "2006.02.28"]
[Round "10"]
[White "cabe"]
[Black "stevetilbury"]
[WhiteElo "1402"]
[BlackElo "1523"]
[PlyCount "100"]
[Result "0-1"]

1.e4 {Hello from Amsterdam. Have a good game!}  e6 
{Hi, I am in London. Look forward to an 
interesting game}  2.d4 d5 3.Nc3 dxe4 4.Nxe4 Qd5 
5.Nc3 Bb4 6.Nge2 Nf6 7.a3 Bxc3+ 8.Nxc3 Qd8 9.Bd3 
b6 10.O-O Bb7 11.Bg5 Nbd7 12.Re1 O-O 13.Ne2 c5 
14.Bb5 cxd4 15.Nxd4 Qc7 16.Qe2 Rac8 17.Rad1 {Happy 
Newyear!}  Kh8 {Happy New Year to you also}  
18.Rd2 Ne4 19.Nxe6 fxe6 20.Rxd7 Qe5 21.Rxb7 Qxg5 
22.Bd7 Nxf2 23.Bxe6 Rce8 24.Qe3 Qxe3 25.Rxe3 Nd1 
26.Rb3 Rxe6 27.h4 Ra8 28.Rd7 Ne3 29.Rc3 h6 30.Kf2 
Ng4+ 31.Kg3 Nf6 32.Rd4 Rae8 33.Rc7 R8e7 34.Rxe7 
Rxe7 35.Rd8+ Re8 36.Rxe8+ Nxe8 37.Kf4 Kg8 38.Ke5 
{(offering draw)}  Kf7 39.c4 Ke7 40.b3 Nf6 41.Kf5 
Nd7 42.Kg6 Kf8 43.Kf5 Nc5 44.b4 Nd3 45.g4 Kf7 
46.Ke4 Nb2 47.Kd5 Nd1 48.Ke4 Ke6 49.Kd4 {(offering 
draw)}  Nf2 {I must keep trying!}  50.g5 {I guess 
you're right}  hxg5 0-1

[Event "HCL-A2516"]
[Site "www.playchess.de"]
[Date "2006.02.28"]
[Round "6"]
[White "zemljanin"]
[Black "cabe"]
[WhiteElo "1405"]
[BlackElo "1402"]
[PlyCount "68"]
[Result "1-0"]

1.d4 {hi}  Nf6 {Hello. Have a good game!}  2.c4 g6 
3.Nc3 Bg7 4.e4 d6 5.Bf4 O-O 6.Qd2 Nbd7 7.Be2 e5 
8.dxe5 Nxe5 9.f3 b6 10.g4 Bb7 11.Bxe5 dxe5 
12.O-O-O Qxd2+ 13.Rxd2 Bh6 14.h4 Bxd2+ {Happy 
Newyear!}  15.Kxd2 {happy new year to you too...}  
Rad8+ 16.Bd3 Nd7 17.b4 a5 18.a3 axb4 19.axb4 c5 
20.b5 Rda8 21.Nge2 Rfd8 22.Ke3 f6 23.Rb1 Kh8 24.f4 
exf4+ 25.Nxf4 Ne5 26.Nfd5 Nxg4+ 27.Kf4 Ne5 28.Be2 
Ra3 {Are you from Bjelorusije ?}  29.Rc1 {no, and 
you are? go to my flag and it will show you where 
I am from...}  Nd7 {Antartica? I didn't know 
people could live there!}  30.Nc7 {yes they can 
and they do and actualy they help you too cause 
over here we research for the sake of planet 
earth...}  Rb3 {Yes, I understand. But what is 
your original nationality?}  31.N3d5 {this goes 
into privat sphere but to cut}  Rh3 {Never mind}  
32.Kg4 {sorry, i started to write and then pressed 
move so : I'm adopted and don't know who are my 
biological parents, the couple that adopted me is 
from ex Yu, I'm living in Europe....}  Rh2 {About 
15 years ago, there was a refugee from the Soviet 
Union, called Zemljanin (I'm not sure about the 
spelling), playing at our chess club. In 2000 or 
so, he went back, I think to  Bjelorusije. That's 
why I asked...}  33.Bf1 Rh1 34.Kg3 
Ne5 1-0

[Event "HCL-A2578"]
[Site "www.playchess.de"]
[Date "2006.02.28"]
[Round "10"]
[White "cabe"]
[Black "Alex77"]
[WhiteElo "1428"]
[BlackElo "1372"]
[PlyCount "61"]
[Result "0-1"]

1.e4 {Hello from Amsterdam. Have a good game!}  e5 
{you too}  2.Nf3 Nc6 3.Bb5 a6 4.Ba4 Nf6 5.d3 b5 
6.Bb3 Bc5 7.O-O O-O 8.Nc3 d6 9.Bg5 Bg4 10.h3 Bxf3 
11.Qxf3 Nd4 12.Qd1 Ne6 13.Bh4 Nf4 14.Nd5 N4xd5 
15.Bxd5 Rb8 16.Qf3 a5 17.Bxf6 Qxf6 18.Qxf6 gxf6 
19.Kh2 Rbc8 20.a4 c6 {(offering draw)}  21.Bb3 
{Troppo presto!}  b4 {ok}  22.Kg3 Kg7 23.Kf3 Bd4 
24.Rfb1 Rfd8 25.Bc4 d5 26.Ba6 Rc7 27.c3 bxc3 
28.bxc3 dxe4+ 29.Kxe4 Bxc3 30.Ra3 Bb4 
31.Rab3 0-1

[Event "HCL-A2603"]
[Site "www.playchess.de"]
[Date "2006.02.28"]
[Round "3"]
[White "Macko"]
[Black "cabe"]
[WhiteElo "1781"]
[BlackElo "1441"]
[PlyCount "38"]
[Result "1-0"]

1.b4 e5 {Hello, have a good game!}  2.b5 Nf6 3.Bb2 
d6 4.e3 g6 5.d4 exd4 6.Bxd4 Bg7 7.Nf3 O-O 8.Bd3 
Bg4 9.c4 Re8 10.h3 Bh5 11.g4 Nxg4 {Oeps!}  12.hxg4 
Bxg4 13.Bxg7 Kxg7 14.Be2 Nd7 15.Nc3 f5 16.Qd4+ Qf6 
17.Nd5 Qxd4 18.Nxd4 Bxe2 19.Kxe2 
Rac8 1-0

[Event "HCL-A2598"]
[Site "www.playchess.de"]
[Date "2006.02.28"]
[Round "26"]
[White "padre"]
[Black "cabe"]
[WhiteElo "1406"]
[BlackElo "1441"]
[PlyCount "20"]
[Result "1-0"]

1.e4 e5 {Hello from Amsterdam. Have a good game!}  
2.Nf3 {Hello from Texas. Thank you. And to you 
also.}  Nf6 3.Nxe5 d6 4.Nf3 Nxe4 5.d4 d5 6.Bd3 Nf6 
7.O-O Be7 8.Nc3 O-O 9.Re1 Nc6 10.Be3 
Bb4 1-0

[Event "HCL-A2608"]
[Site "www.playchess.de"]
[Date "2006.02.28"]
[Round "34"]
[White "cabe"]
[Black "Wernswig"]
[WhiteElo "1435"]
[BlackElo "1345"]
[PlyCount "32"]
[Result "0-1"]

1.e4 e5 {hi, good luck}  2.Nf3 Nf6 3.Nc3 Nc6 4.Bb5 
d6 5.h3 Bd7 6.O-O a6 7.Ba4 Be7 8.d3 O-O 9.Be3 Ne8 
10.Qe2 Nb4 11.Bb3 Be6 12.Bxe6 fxe6 13.d4 exd4 
14.Nxd4 Rf6 15.a3 Nc6 16.Nxc6 bxc6 0-1

[Event "HCL-A2564"]
[Site "www.playchess.de"]
[Date "2006.02.28"]
[Round "11"]
[White "cabe"]
[Black "RUDI"]
[WhiteElo "1438"]
[BlackElo "1282"]
[PlyCount "52"]
[Result "0-1"]

1.e4 {Hallo aus Amsterdam. Eine gute Partie 
gewünscht!}  e5 {Dasselbe auch aus 
München-Neuried!}  2.Nf3 Nc6 3.Bb5 Bd6 4.O-O a6 
5.Ba4 Nf6 6.d3 b5 7.Bb3 O-O 8.Bg5 Be7 9.Nc3 Nd4 
10.Nxd4 exd4 11.Ne2 c5 12.e5 Ne8 13.Bd5 Ra7 14.Bf4 
Bb7 15.Bxb7 Rxb7 16.c3 dxc3 17.Nxc3 Nc7 18.Qf3 Rb6 
19.Nd5 Re6 20.Nxe7+ Qxe7 21.Qb7 Qd8 22.Rfc1 Rc6 
23.d4 c4 24.Kh1 f6 25.exf6 Rfxf6 26.Bg5 
Qf8 0-1

[Event "HCL-A2578"]
[Site "www.playchess.de"]
[Date "2006.02.28"]
[Round "6"]
[White "SMA"]
[Black "cabe"]
[WhiteElo "1175"]
[BlackElo "1428"]
[PlyCount "29"]
[Result "1-0"]

1.e4 e5 {Da sind Wir wieder!}  2.Nc3 Nf6 3.Bc4 Bb4 
4.a3 Bxc3 5.dxc3 Nxe4 6.Qf3 d5 7.Bd3 f5 8.Qh5+ g6 
9.Qh6 Qe7 10.Bxe4 fxe4 11.Bg5 Qf7 12.f4 exf4 
13.O-O-O Bg4 14.Rf1 f3 15.gxf3 1-0

[Event "HCL-A2598"]
[Site "www.playchess.de"]
[Date "2006.02.28"]
[Round "36"]
[White "cabe"]
[Black "RUDI"]
[WhiteElo "1441"]
[BlackElo "1234"]
[PlyCount "36"]
[Result "0-1"]

1.e4 {Da sinds Wir wieder!}  e5 {ja, das ist 
prima}  2.Nf3 Nc6 3.Bb5 Bd6 4.O-O a6 5.Ba4 Nge7 
6.d3 O-O 7.Be3 b5 8.Bb3 Ng6 9.Nc3 Nce7 10.Qe2 c5 
11.Nd5 Bb7 12.Bg5 Bxd5 13.Bxd5 Rb8 14.Bb3 Qc7 
15.Be3 Nf4 16.Bxf4 exf4 17.e5 Bxe5 18.Nxe5 
d5 0-1

[Event "HCL-A2564"]
[Site "www.playchess.de"]
[Date "2006.02.28"]
[Round "1"]
[White "cabe"]
[Black "Matu"]
[WhiteElo "1438"]
[BlackElo "1495"]
[PlyCount "72"]
[Result "0-1"]

1.e4 {Un da fangt er wieder an! Eine gute Spiel 
gewünscht.}  c6 {hallo und danke gleichfalls}  
2.d4 d5 3.f3 dxe4 4.fxe4 Nf6 5.e5 Bg4 6.Be2 Bxe2 
7.Nxe2 Nd5 8.O-O e6 9.Nbc3 Nd7 10.Bf4 Nxf4 11.Nxf4 
Nb6 12.Nh5 Qg5 13.Ne4 Qe3+ 14.Nf2 Rd8 15.c3 Nd5 
16.Re1 Qg5 17.Ne4 Qg6 18.Qf3 Be7 19.c4 Nb4 20.Nf4 
Qh6 21.Qf2 b6 22.a3 Nc2 23.Qxc2 Qxf4 24.Qc3 O-O 
25.b4 f5 26.Nd6 Bxd6 27.exd6 Qxd6 28.Rad1 e5 
29.dxe5 Qxd1 30.Rxd1 Rxd1+ 31.Kf2 Rfd8 32.Ke2 
R8d2+ 33.Qxd2 Rxd2+ 34.Kxd2 Kf7 35.Ke3 Ke6 36.Kf4 
h6 0-1

[Event "HCL-A2516"]
[Site "www.playchess.de"]
[Date "2006.02.28"]
[Round "14"]
[White "Wernswig"]
[Black "cabe"]
[WhiteElo "1501"]
[BlackElo "1402"]
[PlyCount "99"]
[Result "1-0"]

1.e4 {hello, have anice game}  e5 {Eine schöne 
Partie gewünscht!}  2.f4 d5 3.exd5 Qxd5 4.Nc3 Qe6 
5.Qe2 exf4 6.d4 Nc6 7.Bxf4 Bd6 8.Bxd6 cxd6 9.O-O-O 
Nge7 10.Qxe6 fxe6 11.Bb5 O-O 12.Nf3 a6 13.Ba4 b5 
14.Bb3 Na5 15.Ne4 Nxb3+ 16.axb3 Nf5 17.c3 Ne3 
18.Rd2 d5 {Happy Newyear!}  19.Ng3 {happy new year 
to you too}  Nxg2 20.Rxg2 Rxf3 21.Rhg1 a5 22.Ne2 
Ra7 23.Kc2 Kf8 24.Ng3 g6 25.Rf1 Rxf1 26.Nxf1 Rf7 
27.Ne3 Bd7 28.Ng4 Ke7 29.Ne5 Rf1 30.h4 Kd6 31.h5 
gxh5 32.Rg7 Rf2+ 33.Kb1 Be8 34.Rxh7 Rh2 35.Ka2 h4 
36.Ng4 Rh1 37.Ne5 b4 38.Nf3 h3 39.Ng5 Bg6 40.Rh4 
Bf5 41.c4 Bb1+ 42.Ka1 Bd3+ 43.Ka2 dxc4 44.bxc4 
Bxc4+ 45.b3 Rh2+ 46.Kb1 Bxb3 47.Rxh3 Rd2 48.Rxb3 
Rxd4 {Oeps!}  49.Nf3 Rg4 50.Nd2 1-0

[Event "HCL-A2564"]
[Site "www.playchess.de"]
[Date "2006.02.28"]
[Round "7"]
[White "Andy1"]
[Black "cabe"]
[WhiteElo "1488"]
[BlackElo "1438"]
[PlyCount "48"]
[Result "1-0"]

1.e4 e5 2.Nf3 Nf6 3.Nxe5 d6 4.Nf3 Nxe4 5.d3 Nf6 
6.Be2 g6 7.O-O Bg7 8.Re1 O-O 9.Nc3 Nc6 10.Bg5 Re8 
11.h3 Bf5 12.Nd5 Be6 13.Nf4 h6 14.Nxe6 Rxe6 15.Bd2 
Qe7 16.Bc3 Re8 17.Bf1 Rxe1 18.Qxe1 Qxe1 19.Rxe1 
Rxe1 20.Nxe1 Nd5 21.Bxg7 Kxg7 22.c3 f5 23.g3 Kf6 
24.f4 Ke6 1-0

[Event "HCL-A2494"]
[Site "www.playchess.de"]
[Date "2006.02.28"]
[Round "26"]
[White "kali"]
[Black "cabe"]
[WhiteElo "1456"]
[BlackElo "1415"]
[PlyCount "68"]
[Result "1-0"]

1.e4 e5 {Da sind wir wieder! Eine schöne Partie 
gewünscht.}  2.Nf3 {Gleichfalls, es sieht so aus 
als wenn die Gruppe der Spieler klein ist...}  Nf6 
3.Nxe5 d6 4.Nf3 Nxe4 5.d4 d5 6.Bd3 Bg4 7.h3 Bf5 
8.O-O Bd6 9.Re1 O-O 10.Bxe4 Bxe4 11.Nc3 Bb4 12.Bd2 
Re8 13.Nxe4 dxe4 {Happy Newyear!}  14.Bxb4 exf3 
15.Qxf3 Nc6 16.Bc3 Nxd4 17.Rxe8+ Qxe8 18.Bxd4 c6 
19.Kf1 c5 20.Bxc5 Qb5+ 21.Qd3 Qxc5 22.Rd1 Re8 
23.a3 Qe5 24.Qd7 Kf8 25.g3 Qxb2 26.Qd6+ Re7 
27.Qb8+ Re8 28.Rd8 Qb5+ 29.Kg1 Rxd8 30.Qxd8+ Qe8 
31.Qd6+ Qe7 32.Qb8+ Qe8 33.Qxb7 Qe1+ 34.Kg2 
Qa5 1-0

[Event "HCL-B3843"]
[Site "www.playchess.de"]
[Date "2006.02.28"]
[Round "4"]
[White "mothball"]
[Black "sonnygarcia"]
[WhiteElo "1318"]
[BlackElo "1024"]
[PlyCount "61"]
[Result "1-0"]

1.Nf3 e6 2.g3 d5 3.Bg2 Nf6 4.O-O Be7 5.d3 O-O 
6.Nbd2 c5 7.e4 dxe4 8.dxe4 b6 9.e5 Nfd7 10.Re1 Nc6 
11.Qe2 Bb7 12.Nc4 f6 13.Nd6 Bxd6 14.exd6 Nd4 
15.Nxd4 Bxg2 16.Nxe6 Re8 17.Kxg2 Nf8 18.Nxd8 Rxe2 
19.Rxe2 Rxd8 20.Bf4 Kf7 21.Re7+ Kg6 22.g4 h5 23.f3 
Nh7 24.Rd1 Ng5 25.d7 Nf7 26.Re8 hxg4 27.fxg4 f5 
28.Kg3 fxg4 29.Kxg4 Kf6 30.Rxd8 Nxd8 
31.Bg5+ 1-0

[Event "HCL-A2498"]
[Site "www.playchess.de"]
[Date "2006.02.28"]
[Round "9"]
[White "cabe"]
[Black "kali"]
[WhiteElo "1415"]
[BlackElo "1456"]
[PlyCount "63"]
[Result "0-1"]

1.e4 {Da sind wir wieder... Viel Glück!}  e5 {Ist 
aber lange her! Ebenfalls viel Erfolg!}  2.Nf3 Nc6 
3.Bb5 a6 4.Bxc6 dxc6 5.O-O f6 6.d4 exd4 7.Qxd4 
Qxd4 8.Nxd4 Bc5 9.Nf5 Kf7 10.Bf4 Bb6 11.Nd2 Ne7 
12.Nxe7 Kxe7 13.Nc4 Be6 14.Nxb6 cxb6 15.Bc7 b5 
16.Bb6 Rhe8 17.Rfd1 Rac8 18.f4 g6 19.Kf2 Bg4 
20.Bc5+ Kf7 21.Rd4 Rcd8 22.Ke3 f5 23.e5 Rxd4 
24.Bxd4 Ke6 25.h3 Bh5 26.Rg1 g5 27.fxg5 Bg6 28.Kf4 
Kd5 29.Rd1 c5 30.Be3+ Kc6 31.Rd6+ Kc7 
32.Bxc5 0-1

[Event "HCL-B3843"]
[Site "www.playchess.de"]
[Date "2006.02.28"]
[Round "6"]
[White "Skipper_Robert"]
[Black "sonnygarcia"]
[WhiteElo "1023"]
[BlackElo "1024"]
[PlyCount "94"]
[Result "0-1"]

1.e4 e6 2.e5 d5 3.d4 c5 4.Nf3 Nc6 5.c3 Qb6 6.Bd3 
cxd4 7.cxd4 Nge7 8.a3 Ng6 9.Be3 Qxb2 10.Nbd2 Qb6 
11.O-O Be7 12.Qc2 O-O 13.Rfb1 Qc7 14.Ng5 f6 
15.exf6 Bxf6 16.Bxg6 hxg6 17.Qxg6 Bxg5 18.Qxg5 Qf7 
19.Rbf1 Qf6 20.Qg3 e5 21.dxe5 Nxe5 22.Bd4 Qf7 
23.Bxe5 Be6 24.Nf3 Rac8 25.Ng5 Qg6 26.Nxe6 Qxg3 
27.Bxg7 Qxg7 28.Nxg7 Kxg7 29.Rad1 Rcd8 30.h4 d4 
31.f3 d3 32.h5 Rf5 33.g4 Rf4 34.Kg2 d2 35.g5 Rd3 
36.Kg3 Rfd4 37.Rfh1 Ra4 38.h6+ Kh7 39.g6+ Kxg6 
40.h7 Rd8 41.f4 Rh8 42.Rxd2 Rxa3+ 43.Kg4 Rxh7 
44.f5+ Kg7 45.Rf1 Rah3 46.f6+ Kg6 47.Rd6 
R7h4+ 0-1